MLB Seattle Mariners Best Players - Statistics

General Stats
  • This quiz has been taken 48 times
  • The average score is 14 of 24
Answer Stats
WAR Years Player Pos. Awards % Correct
68.4 1987 - 2004 Edgar Martínez DH 5x SS
95%
56.4 2001 - 2012, 2018 - 2019 Ichiro Suzuki RF 10x GG, 3x SS, 2001 ROY. 2001 MVP
95%
70.6 1989 - 1999, 2009 - 2010 Ken Griffey Jr. CF 10x GG, 7x SS, 1997 MVP
95%
39.0 1989 - 1998 Randy Johnson P 1995 Cy Young
93%
20.0 2022 - Active Julio Rodríguez CF 2x SS, 2022 ROY
88%
38.1 1994 - 2000 Álex Rodríguez SS 4x SS
85%
49.8 2005 - 2019 Félix Hernández P 2010 Cy Young
80%
37.0 2011 - 2021 Kyle Seager 3B GG
80%
16.3 2021 - Active Cal Raleigh C GG
73%
23.0 1988 - 2001 Jay Buhner RF GG
65%
17.0 2015 - 2018 Nelson Cruz DH 2x SS
63%
20.8 2019 - Active J.P. Crawford SS GG
60%
34.4 1996 - 2006 Jamie Moyer P
58%
23.9 2014 - 2018 Robinson Canó 2B
58%
20.1 1984 - 1991 Alvin Davis 1B 1984 ROY
45%
19.2 1992 - 1993, 2001 - 2005 Bret Boone 2B 3x GG, 2x SS
45%
21.2 2005 - 2009 Adrian Beltré 3B 2x GG
43%
18.4 2000 - 2003 Mike Cameron CF 2x GG
40%
17.1 2000 - 2004 John Olerud 1B 3x GG
33%
16.9 2012 - 2017 Hisashi Iwakuma P
23%
19.2 1984 - 1989 Mark Langston P 2x GG
23%
18.8 1999 - 2004 Freddy García P
20%
17.8 1982 - 1988 Mike Moore P
18%
16.8 1988 - 1993 Erik Hanson P
5%
No matching quizzes found
Score Distribution
Percent of People with Each Score
Percentile by Number Answered
Your Score History
You have not taken this quiz